00967nam a2200265 i 450000100060000000300090000600500170001500700030003200800410003508000190007608000190009510000280011424500790014226000470022130000410026849000200030950000290032965100570035865100590041570000270047483000280050185200330052999900170056295201220057918178ES-MaACL20230906151755.0t|011003s1961 fr ||||1| fre d a946.0"1936/39" a946.0"1931/39"1 aBroué, Pierre.93195813aLa révolution et la guerre d'Espagne / cPierre Broué, Emile Témime. aParis : bLes Editions de Minuit, c[1961] a542 p., [12] p. de lám. ; c23 cm.1 aArguments ; v3 aBiblioteca Juan Andrade. 4aEspaña-xHistoria-y1936-1939, Guerra civil.98292 4aEspaña-xHistoria-y1931-1939, II República.982831 aTemime, Emile.91804020 aArguments ; v39177474 aES-MaACLjAND-114 bR.109504 c18178d18178 00104070aATENEOMbATENEOMcDEPO2d2008-01-17eSCl0oAND-114p1018586r2023-02-23 00:00:00w2023-02-23yMONOGRAFIA